Statistics for Gilmore Girls Trivia

Click here to take the quiz!

General Stats

  • This quiz has been taken 138 times
  • The average score is 10 of 15

Answer Stats

HintAnswer% Correct
Local dance teaherMs. Patty
91%
Richards' pet name for his motherTrix
85%
Dean's ex wifeLindsay
84%
Name of Lane's rock bandHep Alien
80%
Jess' motherLiz
80%
Town mechanicGypsie
76%
Luke's diner helpCaesar
72%
Name of Chilton secret sororityThe Puffs
67%
Paris' first boyfriendJamie
56%
Name of Sookie's daughterMartha
55%
Stars Hollow book store ownerAndrew
52%
Name of Rory's athletic first year roomateJanet
48%
Richards' business partnerJason Stiles
44%
Name of Yale secret societyThe Life and Death Brigade
44%
Actor who plays KirkSean Gunn
38%

Score Distribution

Percentile by Number Answered

Percent of People with Each Score

Your Score History

You have not taken this quiz